|
|
|
|
| LEADER |
00694nam a2200181 i 4500 |
| 001 |
publ24439 |
| 005 |
20220526112925.0 |
| 008 |
220526s2018 hu o 0|| Magyar d |
| 020 |
|
|
|a 9786155613890
|
| 024 |
7 |
|
|a 3356438
|2 mtmt
|
| 040 |
|
|
|a SZTE Publicatio Repozitórium
|b hun
|
| 041 |
|
|
|a Magyar
|
| 100 |
1 |
|
|a Gyémánt Richárd
|
| 245 |
1 |
0 |
|a Etnikai és felekezeti viszonyok a történelmi Torontál vármegye Zsombolyai járásában
|h [elektronikus dokumentum] /
|c Gyémánt Richárd
|
| 260 |
|
|
|a Históriaantik Könyvesház Bt.
|b Budapest
|c 2018
|
| 300 |
|
|
|a 96
|
| 650 |
|
4 |
|a Demográfia
|
| 856 |
4 |
0 |
|u http://publicatio.bibl.u-szeged.hu/24439/1/Torontal-Zsombolyaijaras2.kiadasGy.R..pdf
|z Dokumentum-elérés
|